[Event "Deutsche Ländermeisterschaft 2025"]
[Site "Oer-Erkenschwick GER"]
[Date "2025.10.01"]
[Round "1"]
[White "Naumann, Lennart"]
[Black "Böhler, Yannic"]
[Result "0-1"]
[Termination "normal"]
[Board "9.4"]
[WhiteElo "1895"]
[BlackElo "1848"]
[WhiteClock "00:01:04"]
[BlackClock "00:05:39"]
[WhiteTeam "Württemberg"]
[BlackTeam "Hamburg 2"]
[PlyCount "77"]
[WhiteFideId "34644830"]
[BlackFideId "34609059"]
[EventCountry "GER"]
[EventRounds "7"]
[EventType "team-swiss"]
[EventDate "2025.09.30"]

1. e4 {[%clk 01:30:59]} c5 {[%clk 01:30:59]} {[%emt 00:00:02]} 2. c3 {[%clk
01:31:17]} {[%emt 00:00:11]} d5 {[%clk 01:31:27]} {[%emt 00:00:03]} 3. exd5
{[%clk 01:30:44]} {[%emt 00:01:03]} Nf6 {[%clk 01:31:54]} {[%emt 00:00:03]} 4.
d4 {[%clk 01:30:51]} {[%emt 00:00:22]} Nxd5 {[%clk 01:32:15]} {[%emt 00:00:10]}
5. Nf3 {[%clk 01:30:58]} {[%emt 00:00:23]} e6 {[%clk 01:32:42]} {[%emt
00:00:04]} 6. Bd3 {[%clk 01:28:50]} {[%emt 00:02:37]} cxd4 {[%clk 01:33:04]}
{[%emt 00:00:08]} 7. cxd4 {[%clk 01:28:00]} {[%emt 00:01:21]} Bb4+ {[%clk
01:33:31]} {[%emt 00:00:03]} 8. Bd2 {[%clk 01:27:51]} {[%emt 00:00:38]} Bxd2+
{[%clk 01:33:57]} {[%emt 00:00:04]} 9. Qxd2 {[%clk 01:27:35]} {[%emt 00:00:46]}
Nc6 {[%clk 01:33:28]} {[%emt 00:00:59]} 10. Nc3 {[%clk 01:26:52]} {[%emt
00:01:14]} Ncb4 {[%clk 01:28:53]} {[%emt 00:05:05]} 11. Nxd5 {[%clk 01:18:21]}
{[%emt 00:09:00]} Nxd3+ {[%clk 01:24:05]} {[%emt 00:05:18]} 12. Qxd3 {[%clk
01:18:41]} {[%emt 00:00:10]} Qxd5 {[%clk 01:24:31]} {[%emt 00:00:04]} 13. O-O
{[%clk 01:18:44]} {[%emt 00:00:27]} O-O {[%clk 01:24:57]} {[%emt 00:00:04]} 14.
Rfe1 {[%clk 01:17:03]} {[%emt 00:02:10]} Bd7 {[%clk 01:22:32]} {[%emt
00:02:55]} 15. Re5 {[%clk 01:12:42]} {[%emt 00:04:50]} Qd6 {[%clk 01:22:05]}
{[%emt 00:01:00]} 16. Rh5 {[%clk 01:01:52]} {[%emt 00:11:17]} g6 {[%clk
01:19:38]} {[%emt 00:02:59]} 17. Ng5 {[%clk 00:53:57]} {[%emt 00:08:25]} Bb5
{[%clk 00:51:29]} {[%emt 00:28:39]} 18. Qe4 {[%clk 00:44:45]} {[%emt 00:09:40]}
Bc6 {[%clk 00:48:34]} {[%emt 00:03:26]} 19. Qh4 {[%clk 00:27:48]} {[%emt
00:17:27]} gxh5 {[%clk 00:44:06]} {[%emt 00:04:58]} 20. Qxh5 {[%clk 00:27:15]}
{[%emt 00:01:03]} Kg7 {[%clk 00:40:15]} {[%emt 00:04:21]} 21. Re1 {[%clk
00:20:23]} {[%emt 00:07:21]} Qd5 {[%clk 00:29:01]} {[%emt 00:11:45]} 22. Qg4
{[%clk 00:09:12]} {[%emt 00:11:38]} Rg8 {[%clk 00:22:53]} {[%emt 00:06:40]} 23.
f3 {[%clk 00:03:16]} {[%emt 00:06:28]} h6 {[%clk 00:10:51]} {[%emt 00:12:31]}
24. Re5 {[%clk 00:01:11]} {[%emt 00:02:34]} Qc4 {[%clk 00:07:06]} {[%emt
00:04:11]} 25. Nxe6+ {[%clk 00:00:40]} {[%emt 00:01:06]} Kh8 {[%clk 00:06:21]}
{[%emt 00:01:01]} 26. Qf4 {[%clk 00:00:42]} {[%emt 00:00:42]} Rg6 {[%clk
00:05:45]} {[%emt 00:01:05]} 27. Qxf7 {[%clk 00:00:35]} {[%emt 00:00:39]} Qc1+
{[%clk 00:05:24]} {[%emt 00:00:50]} 28. Kf2 {[%clk 00:01:00]} {[%emt 00:00:05]}
Qd2+ {[%clk 00:05:50]} {[%emt 00:00:04]} 29. Re2 {[%clk 00:01:23]} {[%emt
00:00:07]} Rxg2+ {[%clk 00:06:17]} {[%emt 00:00:03]} 30. Kxg2 {[%clk 00:01:43]}
{[%emt 00:00:10]} Qxe2+ {[%clk 00:06:45]} {[%emt 00:00:03]} 31. Kh3 {[%clk
00:00:43]} {[%emt 00:01:30]} Qxf3+ {[%clk 00:06:51]} {[%emt 00:00:24]} 32. Qxf3
{[%clk 00:01:06]} {[%emt 00:00:07]} Bxf3 {[%clk 00:07:19]} {[%emt 00:00:03]}
33. Kg3 {[%clk 00:01:16]} {[%emt 00:00:19]} Bd5 {[%clk 00:07:34]} {[%emt
00:00:09]} 34. Nc7 {[%clk 00:01:27]} {[%emt 00:00:24]} Rg8+ {[%clk 00:07:58]}
{[%emt 00:00:07]} 35. Kf4 {[%clk 00:01:34]} {[%emt 00:00:23]} Bxa2 {[%clk
00:08:18]} {[%emt 00:00:11]} 36. d5 {[%clk 00:01:45]} {[%emt 00:00:19]} Rg2
{[%clk 00:07:26]} {[%emt 00:01:21]} 37. Ke5 {[%clk 00:01:09]} {[%emt 00:01:06]}
Rxb2 {[%clk 00:07:05]} {[%emt 00:00:52]} 38. d6 {[%clk 00:01:04]} {[%emt
00:00:35]} a5 {[%clk 00:05:39]} {[%emt 00:01:56]} 39. Kd4 {[%emt 00:01:32]} 0-1

[Event "Deutsche Ländermeisterschaft 2025"]
[Site "Oer-Erkenschwick GER"]
[Date "2025.10.01"]
[Round "1"]
[White "Busch, Jonathan Luis"]
[Black "Moldovan, Stela"]
[Result "1/2-1/2"]
[Termination "normal"]
[Board "9.5"]
[WhiteElo "1754"]
[BlackElo "1841"]
[WhiteClock "00:11:48"]
[BlackClock "01:19:21"]
[WhiteTeam "Hamburg 2"]
[BlackTeam "Württemberg"]
[PlyCount "113"]
[WhiteFideId "34664874"]
[BlackFideId "16287380"]
[EventCountry "GER"]
[EventRounds "7"]
[EventType "team-swiss"]
[EventDate "2025.09.30"]

1. e4 {[%clk 01:30:57]} {[%emt 00:00:02]} c6 {[%clk 01:30:35]} {[%emt
00:00:25]} 2. d4 {[%clk 01:31:19]} {[%emt 00:00:08]} d5 {[%clk 01:30:48]}
{[%emt 00:00:17]} 3. exd5 {[%clk 01:31:29]} {[%emt 00:00:21]} cxd5 {[%clk
01:30:52]} {[%emt 00:00:25]} 4. Bd3 {[%clk 01:31:36]} {[%emt 00:00:23]} Nf6
{[%clk 01:30:18]} {[%emt 00:01:04]} 5. Ne2 {[%clk 01:31:47]} {[%emt 00:00:19]}
Bg4 {[%clk 01:28:57]} {[%emt 00:01:51]} 6. h3 {[%clk 01:31:59]} {[%emt
00:00:19]} Bxe2 {[%clk 01:27:49]} {[%emt 00:01:39]} 7. Qxe2 {[%clk 01:31:11]}
{[%emt 00:01:18]} e6 {[%clk 01:25:55]} {[%emt 00:02:24]} 8. Bf4 {[%clk
01:30:50]} {[%emt 00:00:51]} Nc6 {[%clk 01:24:02]} {[%emt 00:02:22]} 9. c3
{[%clk 01:30:16]} {[%emt 00:01:04]} Rc8 {[%clk 01:22:01]} {[%emt 00:02:32]} 10.
Nd2 {[%clk 01:29:12]} {[%emt 00:01:33]} Bd6 {[%clk 01:19:58]} {[%emt 00:02:34]}
11. Bxd6 {[%clk 01:28:44]} {[%emt 00:00:58]} Qxd6 {[%clk 01:20:00]} {[%emt
00:00:28]} 12. O-O {[%clk 01:28:25]} {[%emt 00:00:48]} O-O {[%clk 01:17:48]}
{[%emt 00:02:43]} 13. Rfe1 {[%clk 01:24:06]} {[%emt 00:04:49]} a6 {[%clk
01:15:02]} {[%emt 00:03:16]} 14. Rac1 {[%clk 01:19:34]} {[%emt 00:05:02]} b5
{[%clk 01:13:26]} {[%emt 00:02:06]} 15. a3 {[%clk 01:18:29]} {[%emt 00:01:36]}
Na5 {[%clk 01:10:36]} {[%emt 00:03:19]} 16. b4 {[%clk 00:35:31]} {[%emt
00:43:29]} Nc4 {[%clk 01:09:38]} {[%emt 00:01:28]} 17. Nxc4 {[%clk 00:34:52]}
{[%emt 00:01:10]} bxc4 {[%clk 01:09:51]} {[%emt 00:00:17]} 18. Bb1 {[%clk
00:35:00]} {[%emt 00:00:21]} Ra8 {[%clk 01:08:26]} {[%emt 00:01:50]} 19. a4
{[%clk 00:32:48]} {[%emt 00:02:47]} a5 {[%clk 01:08:12]} {[%emt 00:00:44]} 20.
b5 {[%clk 00:33:03]} {[%emt 00:00:16]} Qa3 {[%clk 01:07:11]} {[%emt 00:01:29]}
21. Qc2 {[%clk 00:32:28]} {[%emt 00:01:07]} Qb3 {[%clk 01:05:59]} {[%emt
00:01:39]} 22. Qxb3 {[%clk 00:30:27]} {[%emt 00:02:34]} cxb3 {[%clk 01:06:20]}
{[%emt 00:00:09]} 23. Bd3 {[%clk 00:30:40]} {[%emt 00:00:16]} Rfc8 {[%clk
01:05:40]} {[%emt 00:01:10]} 24. Re2 {[%clk 00:29:46]} {[%emt 00:01:25]} Nd7
{[%clk 01:05:49]} {[%emt 00:00:20]} 25. Rb2 {[%clk 00:20:35]} {[%emt 00:09:40]}
Nb6 {[%clk 01:05:30]} {[%emt 00:00:49]} 26. Rxb3 {[%clk 00:19:58]} {[%emt
00:01:08]} Nxa4 {[%clk 01:05:50]} {[%emt 00:00:10]} 27. b6 {[%clk 00:20:10]}
{[%emt 00:00:19]} Rab8 {[%clk 01:05:27]} {[%emt 00:00:51]} 28. b7 {[%clk
00:14:13]} {[%emt 00:06:28]} Rc7 {[%clk 01:03:54]} {[%emt 00:02:02]} 29. Ba6
{[%clk 00:14:10]} {[%emt 00:00:32]} Kf8 {[%clk 01:03:31]} {[%emt 00:00:54]} 30.
Rc2 {[%clk 00:14:14]} {[%emt 00:00:26]} Ke7 {[%clk 01:03:21]} {[%emt 00:00:40]}
31. Ra3 {[%clk 00:13:10]} {[%emt 00:01:34]} Nb6 {[%clk 01:02:45]} {[%emt
00:01:02]} 32. Rxa5 {[%clk 00:13:27]} {[%emt 00:00:16]} Nc4 {[%clk 01:03:01]}
{[%emt 00:00:14]} 33. Bxc4 {[%clk 00:12:46]} {[%emt 00:01:11]} Rxc4 {[%clk
01:03:17]} {[%emt 00:00:14]} 34. Rb2 {[%clk 00:11:20]} {[%emt 00:01:57]} Kd7
{[%clk 01:03:30]} {[%emt 00:00:16]} 35. Ra8 {[%clk 00:10:12]} {[%emt 00:01:38]}
Kc7 {[%clk 01:03:38]} {[%emt 00:00:22]} 36. Rxb8 {[%clk 00:05:58]} {[%emt
00:04:44]} Kxb8 {[%clk 01:04:04]} {[%emt 00:00:05]} 37. Rb3 {[%clk 00:06:14]}
{[%emt 00:00:13]} Rc7 {[%clk 01:04:18]} {[%emt 00:00:15]} 38. Kf1 {[%clk
00:06:38]} {[%emt 00:00:07]} Rxb7 {[%clk 01:04:34]} {[%emt 00:00:14]} 39. Rxb7+
{[%clk 00:07:01]} {[%emt 00:00:07]} Kxb7 {[%clk 01:05:00]} 40. Ke2 {[%clk
00:07:21]} {[%emt 00:00:13]} Kc6 {[%clk 01:05:06]} {[%emt 00:00:23]} 41. Kd3
{[%clk 00:07:31]} {[%emt 00:00:21]} g6 {[%clk 00:59:44]} 42. f4 {[%clk
00:04:16]} {[%emt 00:09:36]} Kd7 {[%clk 00:56:05]} 43. g3 {[%clk 00:28:18]}
{[%emt 00:10:38]} f6 {[%clk 01:24:29]} 44. g4 {[%clk 00:15:45]} {[%emt
00:15:09]} g5 {[%clk 01:24:31]} 45. fxg5 {[%clk 00:15:48]} {[%emt 00:00:56]}
fxg5 {[%clk 01:24:41]} 46. Kd2 {[%clk 00:15:27]} {[%emt 00:01:10]} Kc6 {[%clk
01:22:28]} {[%emt 00:02:43]} 47. Ke3 {[%clk 00:14:13]} {[%emt 00:01:44]} Kd6
{[%clk 01:22:18]} 48. Kd3 {[%clk 00:14:13]} e5 {[%clk 01:22:18]} 49. dxe5+
{[%clk 00:14:13]} Kxe5 {[%clk 01:22:18]} 50. Ke3 {[%clk 00:14:13]} h6 {[%clk
01:22:18]} 51. Kf3 {[%clk 00:14:13]} d4 {[%clk 01:22:18]} 52. c4 {[%clk
00:11:56]} {[%emt 00:08:28]} d3 {[%clk 01:19:59]} {[%emt 00:01:47]} 53. Ke3
{[%clk 00:11:55]} {[%emt 00:00:32]} d2 {[%clk 01:19:02]} {[%emt 00:01:28]} 54.
Kxd2 {[%clk 00:11:55]} {[%emt 00:00:29]} Kd4 {[%clk 01:18:49]} {[%emt
00:00:43]} 55. c5 {[%clk 00:11:24]} {[%emt 00:01:01]} Kxc5 {[%clk 01:19:08]}
{[%emt 00:00:11]} 56. Ke3 {[%clk 00:11:48]} {[%emt 00:00:06]} Kd5 {[%clk
01:19:21]} {[%emt 00:00:17]} 57. Kd4+ {[%emt 00:02:46]} 1/2-1/2

[Event "Deutsche Ländermeisterschaft 2025"]
[Site "Oer-Erkenschwick GER"]
[Date "2025.10.01"]
[Round "1"]
[White "Retzlaff, Nick"]
[Black "Mkrtchyan, Nona"]
[Result "1-0"]
[Termination "normal"]
[Board "9.6"]
[WhiteElo "1875"]
[BlackElo "1607"]
[WhiteClock "00:17:44"]
[BlackClock "00:03:31"]
[WhiteTeam "Württemberg"]
[BlackTeam "Hamburg 2"]
[PlyCount "107"]
[WhiteFideId "34610367"]
[BlackFideId "34681841"]
[EventCountry "GER"]
[EventRounds "7"]
[EventType "team-swiss"]
[EventDate "2025.09.30"]

1. e4 {[%clk 01:30:57]} {[%emt 00:00:03]} e5 {[%clk 01:30:56]} {[%emt
00:00:04]} 2. Nf3 {[%clk 01:31:22]} {[%emt 00:00:05]} Nf6 {[%clk 01:31:19]}
{[%emt 00:00:06]} 3. Nxe5 {[%clk 01:31:14]} {[%emt 00:00:38]} d6 {[%clk
01:31:43]} {[%emt 00:00:06]} 4. Nf3 {[%clk 01:31:40]} {[%emt 00:00:03]} Nxe4
{[%clk 01:32:05]} {[%emt 00:00:08]} 5. Nc3 {[%clk 01:32:02]} {[%emt 00:00:09]}
Nxc3 {[%clk 01:27:41]} {[%emt 00:04:54]} 6. dxc3 {[%clk 01:32:26]} {[%emt
00:00:06]} Be7 {[%clk 01:28:05]} {[%emt 00:00:05]} 7. Be3 {[%clk 01:32:48]}
{[%emt 00:00:08]} Be6 {[%clk 01:28:15]} {[%emt 00:00:20]} 8. Qd2 {[%clk
01:30:11]} {[%emt 00:03:07]} Nd7 {[%clk 01:21:08]} {[%emt 00:07:37]} 9. Nd4
{[%clk 01:22:32]} {[%emt 00:08:09]} Ne5 {[%clk 01:16:27]} {[%emt 00:05:11]} 10.
Nxe6 {[%clk 01:20:08]} {[%emt 00:02:55]} fxe6 {[%clk 01:16:24]} {[%emt
00:00:33]} 11. Be2 {[%clk 01:10:47]} {[%emt 00:09:51]} O-O {[%clk 01:07:28]}
{[%emt 00:09:25]} 12. f4 {[%clk 01:05:45]} {[%emt 00:05:32]} Ng6 {[%clk
01:03:22]} {[%emt 00:04:35]} 13. O-O {[%clk 01:05:33]} {[%emt 00:00:43]} Qd7
{[%clk 00:57:24]} {[%emt 00:06:28]} 14. Bg4 {[%clk 01:03:46]} {[%emt 00:02:17]}
Nh4 {[%clk 00:57:02]} 15. Rae1 {[%clk 00:57:57]} {[%emt 00:07:11]} Nf5 {[%clk
00:53:36]} {[%emt 00:03:56]} 16. Bd4 {[%clk 00:56:14]} {[%emt 00:02:13]} Bf6
{[%clk 00:49:38]} {[%emt 00:04:28]} 17. Re2 {[%clk 00:47:19]} {[%emt 00:09:25]}
Rae8 {[%clk 00:47:08]} {[%emt 00:02:59]} 18. Rfe1 {[%clk 00:41:11]} {[%emt
00:06:39]} Qf7 {[%clk 00:41:38]} {[%emt 00:05:59]} 19. Bxf5 {[%clk 00:27:52]}
{[%emt 00:13:50]} exf5 {[%clk 00:40:03]} {[%emt 00:02:05]} 20. Rxe8 {[%clk
00:26:59]} {[%emt 00:01:23]} Bxd4+ {[%clk 00:37:34]} {[%emt 00:02:59]} 21. Qxd4
{[%clk 00:25:37]} {[%emt 00:01:51]} Rxe8 {[%clk 00:37:38]} {[%emt 00:00:26]}
22. Rxe8+ {[%clk 00:25:40]} {[%emt 00:00:28]} Qxe8 {[%clk 00:37:56]} {[%emt
00:00:11]} 23. Qd5+ {[%clk 00:25:21]} {[%emt 00:00:48]} Kh8 {[%clk 00:37:56]}
{[%emt 00:00:30]} 24. Kf2 {[%clk 00:23:38]} {[%emt 00:02:13]} Qe4 {[%clk
00:37:57]} {[%emt 00:00:28]} 25. Qxe4 {[%clk 00:23:41]} {[%emt 00:00:29]} fxe4
{[%clk 00:38:19]} {[%emt 00:00:08]} 26. Ke3 {[%clk 00:23:38]} {[%emt 00:00:33]}
d5 {[%clk 00:38:44]} {[%emt 00:00:05]} 27. c4 {[%clk 00:23:05]} {[%emt
00:01:03]} c6 {[%clk 00:32:41]} {[%emt 00:06:33]} 28. cxd5 {[%clk 00:21:10]}
{[%emt 00:02:25]} cxd5 {[%clk 00:33:02]} {[%emt 00:00:09]} 29. a4 {[%clk
00:21:10]} {[%emt 00:00:30]} Kg8 {[%clk 00:24:50]} {[%emt 00:08:42]} 30. c4
{[%clk 00:18:54]} {[%emt 00:02:46]} dxc4 {[%clk 00:23:47]} {[%emt 00:01:33]}
31. Kxe4 {[%clk 00:19:07]} {[%emt 00:00:16]} Kf7 {[%clk 00:24:10]} {[%emt
00:00:07]} 32. g4 {[%clk 00:19:04]} {[%emt 00:00:33]} Ke6 {[%clk 00:15:41]}
{[%emt 00:08:59]} 33. Kd4 {[%clk 00:18:15]} {[%emt 00:01:19]} h5 {[%clk
00:12:17]} {[%emt 00:03:55]} 34. h3 {[%clk 00:18:17]} {[%emt 00:00:28]} g6
{[%clk 00:12:12]} {[%emt 00:00:34]} 35. Kxc4 {[%clk 00:17:49]} {[%emt
00:00:58]} h4 {[%clk 00:11:36]} 36. Kc5 {[%clk 00:17:36]} {[%emt 00:01:50]} Ke7
{[%emt 00:04:37]} 37. b4 {[%clk 00:17:21]} {[%emt 00:00:16]} Kd7 {[%clk
00:07:32]} {[%emt 00:00:55]} 38. b5 {[%clk 00:16:05]} {[%emt 00:01:47]} Ke6
{[%clk 00:04:49]} {[%emt 00:03:12]} 39. a5 {[%clk 00:15:34]} {[%emt 00:01:01]}
Kd7 {[%clk 00:03:41]} {[%emt 00:01:38]} 40. a6 {[%clk 00:14:29]} {[%emt
00:01:36]} bxa6 {[%clk 00:00:55]} {[%emt 00:03:15]} 41. bxa6 {[%clk 00:14:44]}
{[%emt 00:00:14]} Kc7 {[%clk 00:00:46]} {[%emt 00:00:39]} 42. f5 {[%clk
00:15:00]} {[%emt 00:00:15]} gxf5 {[%clk 00:01:01]} {[%emt 00:00:15]} 43. gxf5
{[%emt 00:01:15]} Kd7 {[%emt 00:00:19]} 44. f6 {[%clk 00:15:10]} {[%emt
00:00:08]} Ke6 {[%clk 00:00:59]} {[%emt 00:00:10]} 45. Kc6 {[%clk 00:15:33]}
{[%emt 00:00:07]} Kxf6 {[%emt 00:00:42]} 46. Kb7 {[%emt 00:00:06]} Kf5 {[%emt
00:00:16]} 47. Kxa7 {[%clk 00:16:05]} {[%emt 00:00:01]} Kf4 {[%clk 00:01:47]}
{[%emt 00:00:04]} 48. Kb6 {[%clk 00:16:19]} {[%emt 00:00:16]} Kg3 {[%emt
00:00:14]} 49. a7 {[%clk 00:16:38]} {[%emt 00:00:09]} Kxh3 {[%clk 00:02:31]}
50. a8=Q {[%clk 00:16:51]} {[%emt 00:00:21]} Kh2 {[%clk 00:02:48]} {[%emt
00:00:13]} 51. Qf3 {[%clk 00:16:58]} {[%emt 00:00:23]} h3 {[%clk 00:03:05]}
{[%emt 00:00:12]} 52. Qf2+ {[%clk 00:17:23]} {[%emt 00:00:06]} Kh1 {[%clk
00:03:17]} {[%emt 00:00:17]} 53. Kb7 {[%clk 00:17:44]} {[%emt 00:00:09]} h2
{[%clk 00:03:31]} {[%emt 00:00:16]} 54. Qf1# {[%emt 00:00:10]} 1-0

[Event "Deutsche Ländermeisterschaft 2025"]
[Site "Oer-Erkenschwick GER"]
[Date "2025.10.01"]
[Round "1"]
[White "Blöcher, Mina"]
[Black "Balazs, Sztella Anna"]
[Result "0-1"]
[Termination "normal"]
[Board "9.7"]
[WhiteElo "1571"]
[BlackElo "1831"]
[WhiteClock "00:15:21"]
[BlackClock "00:29:50"]
[WhiteTeam "Hamburg 2"]
[BlackTeam "Württemberg"]
[PlyCount "40"]
[WhiteFideId "34663339"]
[BlackFideId "799645"]
[EventCountry "GER"]
[EventRounds "7"]
[EventType "team-swiss"]
[EventDate "2025.09.30"]

1. d4 {[%clk 01:30:58]} {[%emt 00:00:02]} Nf6 {[%clk 01:30:53]} {[%emt
00:00:07]} 2. c4 {[%clk 01:31:20]} {[%emt 00:00:08]} e6 {[%clk 01:31:20]}
{[%emt 00:00:03]} 3. Nf3 {[%clk 01:30:32]} {[%emt 00:01:18]} b6 {[%clk
01:31:34]} {[%emt 00:00:15]} 4. Nc3 {[%clk 01:29:15]} {[%emt 00:01:47]} Bb7
{[%clk 01:31:54]} {[%emt 00:00:11]} 5. Qc2 {[%clk 01:28:35]} {[%emt 00:01:09]}
c5 {[%clk 01:31:00]} {[%emt 00:01:23]} 6. e4 {[%clk 01:20:06]} {[%emt
00:08:59]} d6 {[%clk 01:14:01]} {[%emt 00:17:29]} 7. Bd3 {[%clk 01:16:23]}
{[%emt 00:04:13]} Nc6 {[%clk 01:10:13]} {[%emt 00:04:18]} 8. dxc5 {[%clk
01:00:02]} {[%emt 00:16:51]} dxc5 {[%clk 01:09:58]} {[%emt 00:00:45]} 9. a3
{[%clk 00:58:36]} {[%emt 00:01:56]} Nd4 {[%clk 00:37:52]} {[%emt 00:32:37]} 10.
Nxd4 {[%clk 00:50:04]} {[%emt 00:09:01]} cxd4 {[%clk 00:38:05]} {[%emt
00:00:17]} 11. Qa4+ {[%clk 00:43:09]} {[%emt 00:07:24]} Qd7 {[%clk 00:35:52]}
{[%emt 00:02:44]} 12. Qxd7+ {[%clk 00:42:57]} {[%emt 00:00:42]} Kxd7 {[%clk
00:36:02]} {[%emt 00:00:20]} 13. Ne2 {[%clk 00:40:07]} {[%emt 00:03:19]} Nxe4
{[%clk 00:33:54]} {[%emt 00:02:39]} 14. Bxe4 {[%clk 00:34:22]} {[%emt
00:06:15]} Bxe4 {[%clk 00:34:17]} {[%emt 00:00:08]} 15. f3 {[%clk 00:34:34]}
{[%emt 00:00:18]} Bd3 {[%clk 00:33:40]} {[%emt 00:01:06]} 16. b3 {[%emt
00:09:10]} e5 {[%clk 00:32:51]} {[%emt 00:01:15]} 17. Kd2 {[%clk 00:23:22]}
{[%emt 00:03:07]} Bg6 {[%clk 00:31:20]} {[%emt 00:02:01]} 18. Re1 {[%clk
00:21:40]} {[%emt 00:02:11]} Bd6 {[%clk 00:29:32]} {[%emt 00:02:17]} 19. a4
{[%clk 00:16:50]} {[%emt 00:05:20]} Bb4+ {[%clk 00:29:47]} {[%emt 00:00:15]}
20. Kd1 {[%clk 00:15:21]} {[%emt 00:01:59]} Bxe1 {[%clk 00:29:50]} {[%emt
00:00:27]} 0-1

[Event "Deutsche Ländermeisterschaft 2025"]
[Site "Oer-Erkenschwick GER"]
[Date "2025.10.01"]
[Round "1"]
[White "Tu, Tiffany"]
[Black "Seyedfakhari, Elena"]
[Result "1-0"]
[Termination "normal"]
[Board "9.8"]
[WhiteElo "1707"]
[BlackElo "1469"]
[WhiteClock "01:04:35"]
[BlackClock "01:21:40"]
[WhiteTeam "Württemberg"]
[BlackTeam "Hamburg 2"]
[PlyCount "55"]
[WhiteFideId "34628576"]
[BlackFideId "34639888"]
[EventCountry "GER"]
[EventRounds "7"]
[EventType "team-swiss"]
[EventDate "2025.09.30"]

1. e4 {[%clk 01:30:58]} {[%emt 00:00:01]} e5 {[%clk 01:30:52]} {[%emt
00:00:09]} 2. Nf3 {[%clk 01:31:23]} {[%emt 00:00:05]} Nc6 {[%clk 01:31:02]}
{[%emt 00:00:20]} 3. Bb5 {[%clk 01:31:45]} {[%emt 00:00:07]} Nf6 {[%clk
01:30:53]} {[%emt 00:00:38]} 4. d3 {[%clk 01:32:04]} {[%emt 00:00:11]} d6
{[%clk 01:31:08]} {[%emt 00:00:16]} 5. c3 {[%clk 01:32:20]} {[%emt 00:00:13]}
a6 {[%clk 01:30:57]} {[%emt 00:00:41]} 6. Ba4 {[%clk 01:32:38]} {[%emt
00:00:12]} b5 {[%clk 01:30:47]} {[%emt 00:00:41]} 7. Bb3 {[%clk 01:32:55]}
{[%emt 00:00:13]} d5 {[%clk 01:30:46]} {[%emt 00:00:31]} 8. exd5 {[%clk
01:27:39]} {[%emt 00:05:46]} Nxd5 {[%clk 01:30:39]} {[%emt 00:00:37]} 9. O-O
{[%clk 01:26:31]} {[%emt 00:01:38]} Bg4 {[%clk 01:30:46]} {[%emt 00:00:23]} 10.
Re1 {[%clk 01:25:36]} {[%emt 00:01:24]} Be7 {[%clk 01:29:54]} {[%emt 00:01:22]}
11. h3 {[%clk 01:24:10]} {[%emt 00:01:56]} Bh5 {[%clk 01:30:09]} {[%emt
00:00:15]} 12. Nbd2 {[%clk 01:22:45]} {[%emt 00:01:54]} O-O {[%clk 01:30:19]}
{[%emt 00:00:22]} 13. Ne4 {[%clk 01:22:19]} {[%emt 00:00:56]} Nf6 {[%clk
01:29:35]} {[%emt 00:01:12]} 14. Ng3 {[%clk 01:22:16]} {[%emt 00:00:35]} Bg6
{[%clk 01:28:59]} {[%emt 00:01:06]} 15. Nxe5 {[%clk 01:16:04]} {[%emt
00:06:41]} Nxe5 {[%clk 01:28:47]} {[%emt 00:00:41]} 16. Rxe5 {[%clk 01:16:25]}
{[%emt 00:00:10]} Bxd3 {[%clk 01:28:29]} {[%emt 00:00:47]} 17. Rxe7 {[%clk
01:14:29]} {[%emt 00:02:27]} Qxe7 {[%clk 01:28:20]} {[%emt 00:00:39]} 18. Qxd3
{[%clk 01:14:20]} {[%emt 00:00:39]} Rad8 {[%clk 01:27:48]} {[%emt 00:01:03]}
19. Qe3 {[%clk 01:13:07]} {[%emt 00:01:41]} Qd6 {[%clk 01:27:18]} {[%emt
00:00:51]} 20. Nf5 {[%clk 01:12:14]} {[%emt 00:01:32]} Qd7 {[%clk 01:25:53]}
{[%emt 00:01:52]} 21. Qf3 {[%clk 01:11:18]} {[%emt 00:01:28]} Rfe8 {[%clk
01:25:37]} {[%emt 00:00:44]} 22. Be3 {[%clk 01:10:03]} {[%emt 00:01:45]} g6
{[%clk 01:25:03]} {[%emt 00:01:07]} 23. Nd4 {[%clk 01:08:37]} {[%emt 00:01:57]}
c5 {[%clk 01:24:59]} {[%emt 00:00:35]} 24. Qxf6 {[%clk 01:08:15]} {[%emt
00:00:51]} cxd4 {[%clk 01:24:27]} {[%emt 00:01:02]} 25. Bxd4 {[%clk 01:08:26]}
{[%emt 00:00:19]} Kf8 {[%clk 01:23:51]} {[%emt 00:01:06]} 26. Qg7+ {[%clk
01:07:05]} {[%emt 00:01:51]} Ke7 {[%clk 01:23:32]} {[%emt 00:00:49]} 27. Bc5+
{[%clk 01:04:19]} {[%emt 00:03:16]} Qd6 {[%clk 01:21:40]} {[%emt 00:02:22]} 28.
Qxf7# {[%clk 01:04:35]} {[%emt 00:00:13]} 1-0